000 00662nam a2200217Ia 4500
005 20260601193220.0
008 260601s9999||||xx |||||||||||||| ||und||
020 _a978-3-031-47843-7
_qebk
100 _aZhifeng Bao
245 0 _aDatabases Theory and Applications
250 _a1st ed. 2024
260 _aHeidelberg, Germany
_bSpringer Nature
_c2024
440 _aLecture Notes in Computer Science
650 _aComputer Science
700 _aFarhana Choudhury
700 _aRenata Borovica-Gajic
700 _aRuihong Qiu
700 _aZhengyi Yang
856 _uhttps://link.springer.com/openurl?genre=book&isbn=978-3-031-47843-7
942 _cEB
_2ddc
999 _c55779
_d55779